00442pam a2200181 a 4500001000800000005001700008008004100025010001700066020002200083040002300105041000800128060001500136080001100151082001900162100000600181101000800187245006500195478599020180309090927.0870526s1988 pauaf d 001 0 eng c a 87013732  a0803644957 (soft) aDNLM/DLCcDLCdDLC aeng aW 15 G996m a610.1400a610.14 GYL2191 a4 aSHM10aMedical terminology :cBarbara A. Gylys, Mary Ellen Wedding.